=LDR 00000nam 2200000 4500 =001 INLIS000000000047376 =005 20151026014413.0 =006 =007 =008 =020 ##$$a978-979-012-177-5 =035 ##$$0010-101500000000087 =082 ##$$a745 =100 ##$$aTrisianti dinata =245 ##$$acake towel =260 ##$$a Surabaya $b tiara aksa $c 2009 =300 ##$$a 64 hlm $b Ilus =850 ##$$aNBPNMAT =990 ##$$a19.890/Pb-2011